Currents Tracklist By Streams - Statistics

General Stats
  • This quiz has been taken 10 times
  • The average score is 10 of 13
Answer Stats
# Streams Answer % Correct
4 496,935,815 Eventually
100%
2 734,528,914 Let It Happen
100%
1 2,041,600,216 The Less I Know The Better
100%
6 228,944,551 Nangs
83%
3 630,920,482 New Person, Same Old Mistakes
83%
9 141,322,021 'Cause I'm a Man
67%
8 167,042,136 Disciples
67%
10 121,314,116 Love/Paranoia
67%
7 177,623,427 The Moment
67%
5 250,255,230 Yes I'm Changing
67%
13 54,516,107 Gossip
50%
11 74,056,089 Past Life
50%
12 72,464,234 Reality In Motion
50%
No matching quizzes found
Score Distribution
Percent of People with Each Score
Percentile by Number Answered
Your Score History
You have not taken this quiz